CUNNINGHAM'S MANUAL OF PRACTICAL ANATOMY:THORAX AND ABDOMEN [VOL-2] (Record no. 8404)

MARC details
000 -LEADER
fixed length control field 00467nam a22001697a 4500
005 - DATE AND TIME OF LATEST TRANSACTION
control field 20230821120045.0
008 - FIXED-LENGTH DATA ELEMENTS--GENERAL INFORMATION
fixed length control field 230818b |||||||| |||| 00| 0 eng d
020 ## - INTERNATIONAL STANDARD BOOK NUMBER
ISBN 978-0-19-874937-0
041 ## - LANGUAGE CODE
Language code of text/sound track or separate title eng
082 ## - DEWEY DECIMAL CLASSIFICATION NUMBER
Classification number 611 KOS-C
100 ## - MAIN ENTRY--AUTHOR NAME
Personal name KOSHI, DR. RECHEL
245 ## - TITLE STATEMENT
Title CUNNINGHAM'S MANUAL OF PRACTICAL ANATOMY:THORAX AND ABDOMEN [VOL-2]
250 ## - EDITION STATEMENT
Edition statement 16TH, ED. 2017
260 ## - PUBLICATION, DISTRIBUTION, ETC. (IMPRINT)
Place of publication U.K
Name of publisher OXFORD UNIVERSITY PRESS
Year of publication 2017
650 ## - SUBJECT ADDED ENTRY--TOPICAL TERM
Topical Term BPT
942 ## - ADDED ENTRY ELEMENTS (KOHA)
Koha item type Books
Holdings
Lost status Damaged status Collection code Home library Current library Shelving location Date acquired Source of acquisition Cost, normal purchase price Full call number Accession Number Koha item type
    PHYSIOTHERAPY JRU Library JRU Library Shelf - 24- A 05/08/2023 PURCHASE [LBI] 650.00 611 KOS-C 27944 Books
    PHYSIOTHERAPY JRU Library JRU Library Shelf - 24- A 05/08/2023 PURCHASE [LBI] 650.00 611 KOS-C 27945 Books
    PHYSIOTHERAPY JRU Library JRU Library Shelf - 24- A 05/08/2023 PURCHASE [LBI] 650.00 611 KOS-C 27946 Books